Kľúčové ukazovatele merania výkonnosti procesov

Teoretické poznatky z oblasti merania podnikovej výkonnosti. Identifikácia vhodných kvalitatívnych a kvantitatívnych ukazovateľov pre dosahovanie strategickej výkonnosti.

Saved in:
Bibliographic Details
Main Author: Fedorco, Jakub
Other Authors: Lacko, Roman, 1988-
Format: Book Chapter
Language:Slovak
Subjects:
Tags: Add Tag
No Tags, Be the first to tag this record!

MARC

LEADER 00000nla a2200000 4500
001 0240522
005 20240502073917.8
041 0 |a slo 
044 |a SK 
245 1 0 |a Kľúčové ukazovatele merania výkonnosti procesov  |c Jakub Fedorco, Roman Lacko 
520 |a Teoretické poznatky z oblasti merania podnikovej výkonnosti. Identifikácia vhodných kvalitatívnych a kvantitatívnych ukazovateľov pre dosahovanie strategickej výkonnosti. 
610 2 0 |a podnik 
610 2 0 |a riadenie podnikové 
610 2 0 |a riadenie strategické 
610 2 0 |a procesy podnikové 
610 2 0 |a výkonnosť 
610 2 0 |a výkonnosť podniku 
610 2 0 |a meranie výkonnosti 
610 2 0 |a ukazovatele 
610 2 0 |a ukazovatele kvalitatívne 
610 2 0 |a ukazovatele kvantitatívne 
610 2 0 |a metóda BSC 
100 1 |a Fedorco, Jakub 
700 1 |a Lacko, Roman, 1988-